विज्ञान ही जीवन है / (Record no. 118498)

MARC details
000 -LEADER
fixed length control field 01038nam a22002537a 4500
005 - DATE AND TIME OF LATEST TRANSACTION
control field 20170124103115.0
010 ## - LIBRARY OF CONGRESS CONTROL NUMBER
LC control number B-069093
020 ## - INTERNATIONAL STANDARD BOOK NUMBER
Terms of availability 150.00
International Standard Book Number 8190153358
035 ## - SYSTEM CONTROL NUMBER
System control number B-069093
037 ## - SOURCE OF ACQUISITION
Source of stock number/acquisition Cen Lib/Ret
040 ## - CATALOGING SOURCE
Original cataloging agency DPL
Language of cataloging HN
082 ## - DEWEY DECIMAL CLASSIFICATION NUMBER
Classification number 608
Item number शर्मारा
100 ## - MAIN ENTRY--PERSONAL NAME
Personal name शर्मा, राजीव
9 (RLIN) 80543
245 ## - TITLE STATEMENT
Title विज्ञान ही जीवन है /
Statement of responsibility, etc राजीव शर्मा
246 ## - VARYING FORM OF TITLE
Title proper/short title Vigyan hi jivan hai /
Remainder of title by Rajeev Sharma
260 ## - PUBLICATION, DISTRIBUTION, ETC. (IMPRINT)
Place of publication, distribution, etc दिल्ली
Name of publisher, distributor, etc भारत भारती
Date of publication, distribution, etc 2002
270 ## - ADDRESS
Address 868, मुखर्जी नगर
City दिल्ली
Postal code 110002
300 ## - PHYSICAL DESCRIPTION
Extent 110पृ. :
Dimensions 21सेमी (सजिल्द)
Other physical details सचित्र
650 ## - SUBJECT ADDED ENTRY--TOPICAL TERM
Topical term or geographic name as entry element विज्ञान-- विवान शैली
9 (RLIN) 80544
650 ## - SUBJECT ADDED ENTRY--TOPICAL TERM
Topical term or geographic name as entry element आविष्कार और खोज
9 (RLIN) 80545
650 ## - SUBJECT ADDED ENTRY--TOPICAL TERM
Topical term or geographic name as entry element Science--Lifestyle
9 (RLIN) 80546
650 ## - SUBJECT ADDED ENTRY--TOPICAL TERM
Topical term or geographic name as entry element Science--Invention and discovery
9 (RLIN) 80547
942 ## - ADDED ENTRY ELEMENTS (KOHA)
Source of classification or shelving scheme Dewey Decimal Classification
Koha item type Hindi Books
Classification part 608
Call number suffix शर्मारा
Holdings
Withdrawn status Lost status Damaged status Not for loan Home library Current library Date acquired Source of acquisition Cost, normal purchase price Total Checkouts Full call number Barcode Date last seen Copy number Cost, replacement price Price effective from Koha item type Source of classification or shelving scheme Collection code
        Central Library Central Library 11/09/2015 Cen Lib/Ret 150.00   608 शर्मारा B-069093 11/09/2015 1 150.00 11/09/2015 Hindi Books    
        Sarojini Nagar Sarojini Nagar 18/10/2021       608 शर्मारा B-069095 18/10/2021   150.00 18/10/2021 Hindi Books Dewey Decimal Classification Non-fiction

© Delhi Public Library
Hit Counter
free hit counter